My Therapist Says...: Advice You Should Probably (Not) Follow (Record no. 6631)

MARC details
005 - DATE AND TIME OF LATEST TRANSACTION
control field 20250709080517.0
020 ## - INTERNATIONAL STANDARD BOOK NUMBER
International Standard Book Number 978-1-63106-737-2
082 ## - DEWEY DECIMAL CLASSIFICATION NUMBER
Classification number 158.1 THE
245 ## - TITLE STATEMENT
Title My Therapist Says...: Advice You Should Probably (Not) Follow
260 ## - PUBLICATION, DISTRIBUTION, ETC.
Place of publication, distribution, etc. New York
Name of publisher, distributor, etc. Rock Point
Date of publication, distribution, etc. 2020
300 ## - PHYSICAL DESCRIPTION
Extent 232p.
Dimensions 20cm
942 ## - ADDED ENTRY ELEMENTS (KOHA)
Source of classification or shelving scheme Dewey Decimal Classification
Koha item type Books
Holdings
Date last seen Total checkouts Full call number Barcode Cost, replacement price Price effective from Koha item type Lost status Source of classification or shelving scheme Damaged status Not for loan Withdrawn status Home library Current library Shelving location Date acquired Source of acquisition Cost, normal purchase price
07/09/2025   158.1 THE MZA0002945 90000.00 07/09/2025 Books   Dewey Decimal Classification       CBE Mwanza CBE Mwanza General Collection 02/12/2025 TLSB Donation 30000.00
07/09/2025   158.1 THE MZA0002946 90000.00 07/09/2025 Books   Dewey Decimal Classification       CBE Mwanza CBE Mwanza General Collection 02/12/2025 TLSB Donation 30000.00